[Event "2nd GMA World Cup prel  #2"]
[Site "Moscow URS"]
[Date "1989.??.??"]
[Round "6"]
[White "Stefansson, Hannes Hlifar"]
[Black "Hansen, Curt"]
[Result "1/2-1/2"]
[WhiteElo "2480"]
[BlackElo "2545"]
[EventDate "1989.05.??"]
[PlyCount "81"]

1.e4 d6 2.d4 g6 3.c4 e5 4.Nc3 exd4 5.Qxd4 Nf6 6.Bg5 Bg7 7.e5 Qe7 8.Nd5 
dxe5 9.Qh4 Nxd5 10.Bxe7 Nxe7 11.c5 Nbc6 12.Bb5 O-O 13.Ne2 Nf5 14.Qa4 Ncd4 
15.O-O c6 16.Nxd4 Nxd4 17.Bc4 Bf5 18.Qb4 Rab8 19.Rad1 b5 20.Bd3 Be6 21.Qa5
f5 22.a4 e4 23.Bb1 b4 24.Qxa7 b3 25.Kh1 Ra8 26.Qe7 Bd5 27.Qd6 Rxa4 28.Qf4 
h5 29.h3 Kh7 30.Qe3 Rf7 31.Kh2 Be5+ 32.Kg1 Bg7 33.Kh2 Rc4 34.f4 Rb7 35.g4 
Bf6 36.Rc1 Nc2 37.Bxc2 Rxc2+ 38.Rxc2 bxc2 39.Qe2 Bf7 40.Rc1 Rxb2 41.Rxc2 
1/2-1/2

[Event "2nd GMA World Cup prel  #2"]
[Site "Moscow URS"]
[Date "1989.??.??"]
[Round "6"]
[White "Vyzhmanavin, Alexei"]
[Black "Anastasian, Ashot"]
[Result "1-0"]
[WhiteElo "2550"]
[BlackElo "2475"]
[EventDate "1989.05.??"]
[PlyCount "97"]

1.d4 Nf6 2.c4 e6 3.Nf3 b6 4.a3 Bb7 5.Nc3 d5 6.cxd5 Nxd5 7.Qc2 Nxc3 8.bxc3 
Be7 9.e3 O-O 10.Bd3 h6 11.Qe2 c5 12.O-O Nc6 13.Bb2 Rc8 14.Rad1 Na5 15.Ne5 
Bd6 16.f4 f5 17.e4 fxe4 18.Bxe4 Bxe4 19.Qxe4 Bxe5 20.dxe5 Qe7 21.c4 Rcd8 
22.Bc3 Nb3 23.h3 Qf7 24.Rd6 Rxd6 25.exd6 Qd7 26.Qe3 Rd8 27.Be5 Nd4 28.Kh2 
Nf5 29.Qd3 Qf7 30.Rd1 Nd4 31.Rd2 Qf8 32.Qe3 Nc6 33.g4 Qf7 34.Bc3 Rd7 35.
Qe4 Nd8 36.Be5 Qf8 37.Kg3 Nf7 38.Qg6 Nd8 39.h4 Qf7 40.h5 Qxg6 41.hxg6 Nc6 
42.Bc3 Nd8 43.f5 exf5 44.gxf5 Nb7 45.Kf4 h5 46.Ke5 h4 47.Ke6 Rd8 48.d7 Rf8
49.f6 1-0

[Event "2nd GMA World Cup prel  #2"]
[Site "Moscow URS"]
[Date "1989.??.??"]
[Round "6"]
[White "Lerner, Konstantin"]
[Black "Grunberg, Hans-Ulrich"]
[Result "1/2-1/2"]
[WhiteElo "2535"]
[BlackElo "2475"]
[EventDate "1989.05.??"]
[PlyCount "122"]

1.d4 Nf6 2.c4 g6 3.Nc3 Bg7 4.e4 d6 5.Be2 O-O 6.Nf3 e5 7.O-O Nc6 8.d5 Ne7 
9.Nd2 a5 10.a3 Nd7 11.Rb1 f5 12.b4 Kh8 13.f3 b6 14.Qc2 f4 15.Nb3 axb4 16.
axb4 g5 17.g4 fxg3 18.hxg3 Ng6 19.Nd1 Rg8 20.Rf2 Ndf8 21.Rh2 Qf6 22.Nf2 
Ne7 23.Ng4 Qg6 24.Ne3 Qf6 25.Qd2 Qg6 26.g4 Qe8 27.Nf5 Bf6 28.Ng3 Neg6 29.
Nh5 Be7 30.Qc3 Qf7 31.Ra1 Rxa1 32.Qxa1 Nf4 33.Nxf4 gxf4 34.Kf1 Ng6 35.Bd2 
Bh4 36.Bd1 Bg3 37.Rh5 Bd7 38.Nc1 Rc8 39.Nd3 Qe8 40.Bc3 Kg8 41.b5 Ra8 42.
Qb2 Qe7 43.Nb4 Be8 44.Nc6 Qg7 45.Be1 Nf8 46.Rh3 Bxe1 47.Kxe1 Nd7 48.Qf2 
Qg5 49.Qh4 Qxh4+ 50.Rxh4 Bg6 51.Rh2 Nc5 52.Nb4 Ra5 53.Rb2 Kf7 54.Kd2 Ke8 
55.Ra2 Kd7 56.Rxa5 bxa5 57.Nd3 h5 58.Nxc5+ dxc5 59.gxh5 Bxh5 60.Ke2 Ke7 
61.Kf2 Be8 1/2-1/2

[Event "2nd GMA World Cup prel  #2"]
[Site "Moscow URS"]
[Date "1989.??.??"]
[Round "6"]
[White "Vasiukov, Evgeny"]
[Black "Panno, Oscar"]
[Result "1-0"]
[WhiteElo "2510"]
[BlackElo "2495"]
[EventDate "1989.05.??"]
[PlyCount "81"]

1.e4 c5 2.Nf3 e6 3.Nc3 a6 4.d4 cxd4 5.Nxd4 Qc7 6.g3 Bb4 7.Bd2 Nc6 8.Nxc6 
bxc6 9.Qg4 Bf8 10.Qe2 d6 11.Bg2 Nf6 12.g4 e5 13.g5 Nd7 14.h4 Nc5 15.O-O-O 
Ne6 16.Bh3 Be7 17.f4 exf4 18.Qh2 O-O 19.Bxf4 Nxf4 20.Qxf4 Qa5 21.Bxc8 
Raxc8 22.Rd4 Rb8 23.Ra4 Qc5 24.Nd1 a5 25.Qe3 Qb5 26.Qb3 Qa6 27.Qc4 Qb6 28.
Rf1 g6 29.b3 d5 30.exd5 cxd5 31.Qxd5 Bb4 32.c3 Rbd8 33.Qf3 Qc7 34.Kc2 Rfe8
35.a3 Bf8 36.Nb2 Re5 37.Rf4 Rd7 38.Nc4 Red5 39.a4 h5 40.Rf2 Bg7 41.Rxf7 
1-0

[Event "2nd GMA World Cup prel  #2"]
[Site "Moscow URS"]
[Date "1989.??.??"]
[Round "6"]
[White "Mikhalchishin, Adrian"]
[Black "Adorjan, Andras"]
[Result "1/2-1/2"]
[WhiteElo "2475"]
[BlackElo "2525"]
[EventDate "1989.05.??"]
[PlyCount "30"]

1.d4 Nf6 2.c4 e6 3.Nf3 b6 4.g3 Ba6 5.Qb3 Nc6 6.Nbd2 Na5 7.Qa4 Bb7 8.Bg2 c5
9.dxc5 Bxc5 10.b4 Bc6 11.Qa3 Be7 12.Qc3 Nb7 13.Bb2 Rc8 14.O-O Nd6 15.Rac1 
O-O 1/2-1/2

[Event "2nd GMA World Cup prel  #2"]
[Site "Moscow URS"]
[Date "1989.??.??"]
[Round "6"]
[White "Popchev, Milko"]
[Black "Kaidanov, Gregory"]
[Result "1/2-1/2"]
[WhiteElo "2465"]
[BlackElo "2535"]
[EventDate "1989.05.??"]
[PlyCount "28"]

1.Nf3 d5 2.g3 g6 3.Bg2 Bg7 4.O-O e5 5.d3 Ne7 6.e4 O-O 7.Nbd2 Nbc6 8.a3 a5 
9.Rb1 a4 10.b4 axb3 11.cxb3 h6 12.b4 Be6 13.Bb2 dxe4 14.dxe4 Qd7 1/2-1/2

[Event "2nd GMA World Cup prel  #2"]
[Site "Moscow URS"]
[Date "1989.??.??"]
[Round "6"]
[White "Timoschenko, Gennady"]
[Black "Smagin, Sergei"]
[Result "1/2-1/2"]
[WhiteElo "2460"]
[BlackElo "2540"]
[EventDate "1989.05.??"]
[PlyCount "97"]

1.d4 d5 2.c4 c6 3.Nf3 Nf6 4.Nc3 e6 5.e3 Nbd7 6.Bd3 dxc4 7.Bxc4 b5 8.Bd3 
Bb7 9.e4 b4 10.Na4 c5 11.e5 Nd5 12.dxc5 Qa5 13.O-O Bxc5 14.a3 bxa3 15.Nxc5
Qxc5 16.Rxa3 h6 17.Qe2 Qb6 18.Bb5 Bc6 19.Nd4 Bxb5 20.Nxb5 Kf8 21.Rf3 Kg8 
22.Rg3 Qa6 23.Ra3 Qb6 24.Nc3 Nxc3 25.Rxc3 Qb8 26.Re1 Nb6 27.Rg3 Nd5 28.b3 
h5 29.h3 h4 30.Rf3 Qb7 31.Ba3 Rc8 32.Rc1 Rh6 33.Rc4 Nb6 34.Qe4 Qxe4 35.
Rxe4 Rh5 36.Bd6 Rc1+ 37.Kh2 Rc2 38.Ref4 Rf5 39.Rxf5 exf5 40.Rxf5 Rb2 41.
Rf3 Nd5 42.g3 hxg3+ 43.Kxg3 Rd2 44.b4 Rb2 45.e6 fxe6 46.Rf8+ Kh7 47.Rf7 
Rb3+ 48.Kg2 Nxb4 49.Bxb4 1/2-1/2

[Event "2nd GMA World Cup prel  #2"]
[Site "Moscow URS"]
[Date "1989.??.??"]
[Round "6"]
[White "Lau, Ralf"]
[Black "Kupreichik, Viktor"]
[Result "1-0"]
[WhiteElo "2475"]
[BlackElo "2520"]
[EventDate "1989.05.??"]
[PlyCount "73"]

1.e4 e5 2.Nf3 Nc6 3.Bb5 a6 4.Ba4 Nf6 5.O-O Be7 6.Re1 b5 7.Bb3 O-O 8.c3 d6 
9.h3 a5 10.a4 b4 11.d3 h6 12.Qc2 Re8 13.Nbd2 Bf8 14.Nc4 Be6 15.Bd2 g6 16.
cxb4 Nxb4 17.Bxb4 axb4 18.d4 d5 19.exd5 Bf5 20.Qd1 e4 21.Nfe5 Nxd5 22.g4 
Nf4 23.gxf5 Nxh3+ 24.Kh2 Nxf2 25.Qd2 Nd3 26.Rxe4 Nxe5 27.dxe5 Qxd2+ 28.
Nxd2 gxf5 29.Re2 Bc5 30.Rc1 Bb6 31.Rc6 f4 32.Rf6 Re7 33.Rxh6 Kg7 34.Rh4 
Kg6 35.Bc2+ f5 36.Rg2+ Kf7 37.Bb3+ 1-0

[Event "2nd GMA World Cup prel  #2"]
[Site "Moscow URS"]
[Date "1989.??.??"]
[Round "6"]
[White "Oll, Lembit"]
[Black "Huzman, Alexander"]
[Result "1/2-1/2"]
[WhiteElo "2510"]
[BlackElo "2480"]
[EventDate "1989.05.??"]
[PlyCount "29"]

1.d4 Nf6 2.c4 g6 3.Nc3 d5 4.Nf3 Bg7 5.Qb3 dxc4 6.Qxc4 O-O 7.e4 a6 8.Be2 b5
9.Qb3 Bb7 10.e5 Nd5 11.a4 c5 12.axb5 cxd4 13.bxa6 dxc3 14.Qxb7 Nxa6 15.
Bxa6 1/2-1/2

[Event "2nd GMA World Cup prel  #2"]
[Site "Moscow URS"]
[Date "1989.??.??"]
[Round "6"]
[White "Dautov, Rustem"]
[Black "Lautier, Joel"]
[Result "1-0"]
[WhiteElo "2535"]
[BlackElo "2450"]
[EventDate "1989.05.??"]
[PlyCount "99"]

1.d4 Nf6 2.c4 e6 3.Nf3 b6 4.g3 Ba6 5.b3 d5 6.Bg2 dxc4 7.Ne5 Bb4+ 8.Kf1 
Nfd7 9.Nxc4 c6 10.Bb2 O-O 11.Nc3 Be7 12.a4 Bb7 13.Bf3 Na6 14.Kg2 Qc7 15.e4
Rad8 16.Qe2 Nb4 17.Rad1 Rfe8 18.e5 f5 19.exf6 Bxf6 20.Ne4 Be7 21.Bh5 g6 
22.Bg4 Nf8 23.h4 Nd5 24.h5 Nf6 25.hxg6 hxg6 26.Bf3 Nxe4 27.Bxe4 Bf6 28.Qf3
Bg7 29.Ne5 Bxe5 30.dxe5 Rxd1 31.Rxd1 Re7 32.Rd6 c5 33.Bc1 Bxe4 34.Qxe4 Qb7
35.Qxb7 Rxb7 36.Bh6 Nd7 37.f4 Kf7 38.Rc6 a5 39.Rd6 Nb8 40.Rd8 b5 41.Rf8+ 
Ke7 42.Rg8 Rb6 43.Bf8+ Kf7 44.Bxc5 Kxg8 45.Bxb6 bxa4 46.bxa4 Nd7 47.Bxa5 
Nc5 48.Bb6 Nxa4 49.Bd4 Kf7 50.Kf3 1-0

[Event "2nd GMA World Cup prel  #2"]
[Site "Moscow URS"]
[Date "1989.??.??"]
[Round "6"]
[White "Lobron, Eric"]
[Black "Shabalov, Alexander"]
[Result "1-0"]
[WhiteElo "2555"]
[BlackElo "2425"]
[EventDate "1989.05.??"]
[PlyCount "103"]

1.c4 e5 2.Nc3 d6 3.Nf3 c5 4.g3 Nc6 5.Bg2 g6 6.d3 Bg7 7.Bg5 f6 8.Bd2 f5 9.
a3 Nf6 10.Rb1 h6 11.O-O O-O 12.b4 Rb8 13.bxc5 dxc5 14.Nh4 Ne7 15.Nf3 Nc6 
16.Ne1 Bd7 17.Nc2 f4 18.Nd5 g5 19.e3 Kh8 20.Bc3 Bg4 21.f3 Be6 22.e4 Nd4 
23.Nxd4 exd4 24.Be1 Nxd5 25.cxd5 Bd7 26.gxf4 gxf4 27.Kh1 b5 28.Bf2 Qf6 29.
Qe2 Rfe8 30.Rg1 Qf7 31.Qf1 Rbc8 32.Bh3 Be5 33.Bxd7 Qxd7 34.Rg6 Kh7 35.Qg2 
Rg8 36.Rg1 Qf7 37.Qh3 Rxg6 38.Rxg6 Kxg6 39.Qxc8 Qc7 40.Qe8+ Kh7 41.Qxb5 
Qc8 42.Kg2 a6 43.Qc6 Qxc6 44.dxc6 Kg6 45.Bh4 Kf7 46.Bd8 Ke6 47.Bb6 c4 48.
dxc4 d3 49.Kf1 Bc3 50.Bc5 a5 51.c7 Kd7 52.Bd6 1-0

[Event "2nd GMA World Cup prel  #2"]
[Site "Moscow URS"]
[Date "1989.??.??"]
[Round "6"]
[White "Ulibin, Mikhail"]
[Black "Popovic, Petar"]
[Result "0-1"]
[WhiteElo "2445"]
[BlackElo "2535"]
[EventDate "1989.05.??"]
[PlyCount "112"]

1.e4 c5 2.Nf3 d6 3.d4 cxd4 4.Nxd4 Nf6 5.Nc3 Nc6 6.Bc4 Qb6 7.Nb3 e6 8.Be3 
Qc7 9.f4 a6 10.Bd3 b5 11.Qf3 Bb7 12.O-O Be7 13.Rae1 O-O 14.Qh3 Rfe8 15.g4 
Nb4 16.g5 Nd7 17.Nd4 Bf8 18.a3 Nxd3 19.cxd3 Nc5 20.Rd1 g6 21.b4 Nd7 22.Rc1
Qd8 23.Nb3 Rc8 24.Na5 Ba8 25.Ne2 Rxc1 26.Rxc1 e5 27.f5 d5 28.Qg4 dxe4 29.
dxe4 Nb6 30.Nc3 Nc4 31.Nxc4 bxc4 32.Rd1 Qc8 33.h3 Rd8 34.Rxd8 Qxd8 35.Qe2 
gxf5 36.exf5 Qc8 37.Qg4 Qc6 38.Kf2 a5 39.b5 Qd7 40.a4 Qd3 41.Ne2 Bb7 42.b6
Bb4 43.f6 Qd1 44.Qg1 Qxa4 45.h4 Qd7 46.Qg3 Qf5+ 47.Kg1 Qb1+ 48.Nc1 Qc2 49.
Qg4 a4 50.h5 a3 51.g6 hxg6 52.hxg6 Qxg6 53.Qxg6+ fxg6 54.Na2 Bf8 55.Kf1 
Kf7 56.Bg5 Bc5 0-1

[Event "2nd GMA World Cup prel  #2"]
[Site "Moscow URS"]
[Date "1989.??.??"]
[Round "6"]
[White "Bagirov, Vladimir"]
[Black "Gheorghiu, Florin"]
[Result "0-1"]
[WhiteElo "2460"]
[BlackElo "2515"]
[EventDate "1989.05.??"]
[PlyCount "57"]

1.Nf3 c5 2.b3 Nf6 3.Bb2 e6 4.e3 b6 5.g3 Bb7 6.Bg2 Be7 7.O-O O-O 8.c4 Nc6 
9.Nc3 Rc8 10.Qe2 d5 11.d3 Rc7 12.Rfd1 dxc4 13.bxc4 Rd7 14.Ne1 Qa8 15.f4 
Rfd8 16.Rab1 Nb4 17.Bxb7 Qxb7 18.g4 Ne8 19.a3 Nc6 20.Nf3 Qa6 21.Qc2 Qb7 
22.Kf2 Nf6 23.h3 Ne8 24.Ne4 Nd6 25.Ng3 Ne8 26.g5 h6 27.Ne4 Nd6 28.Nxd6 
Rxd6 29.Qc3 0-1

[Event "2nd GMA World Cup prel  #2"]
[Site "Moscow URS"]
[Date "1989.??.??"]
[Round "6"]
[White "Tseshkovsky, Vitaly"]
[Black "Reshevsky, Samuel"]
[Result "1-0"]
[WhiteElo "2520"]
[BlackElo "2450"]
[EventDate "1989.05.??"]
[PlyCount "109"]

1.e4 e5 2.Nf3 Nf6 3.d4 Nxe4 4.Bd3 d5 5.Nxe5 Bd6 6.O-O O-O 7.Nc3 f5 8.f3 
Nxc3 9.bxc3 c5 10.f4 c4 11.Be2 Nd7 12.a4 Nf6 13.Ba3 Bxa3 14.Rxa3 Qd6 15.
Ra1 b6 16.Bf3 Bd7 17.Qc1 Rab8 18.Qa3 Qxa3 19.Rxa3 Be8 20.h3 h5 21.g3 Rc8 
22.Kf2 Rd8 23.Ke3 Rc8 24.Rg1 Rc7 25.Rg2 Bd7 26.Ra1 Re8 27.Kd2 Re7 28.Kc1 
Re8 29.a5 b5 30.Kb2 a6 31.Ka3 Bc8 32.Kb4 Ree7 33.Re2 Kh7 34.Rh1 Kg8 35.
Reh2 Re8 36.g4 h4 37.Rg1 Kh7 38.g5 Ne4 39.Bh5 Ree7 40.Bg6+ Kg8 41.Nf3 Ng3 
42.Nxh4 Re3 43.Rxg3 Rxg3 44.Re2 Bd7 45.Nxf5 Rg1 46.Ne7+ Kf8 47.Nxd5 Rc6 
48.f5 Rb1+ 49.Ka3 Ra1+ 50.Kb2 Rxa5 51.Re7 Rxg6 52.fxg6 Be8 53.Ra7 Bxg6 54.
Nf4 Bf5 55.g6 1-0

[Event "2nd GMA World Cup prel  #2"]
[Site "Moscow URS"]
[Date "1989.??.??"]
[Round "6"]
[White "Balashov, Yury"]
[Black "Tunik, Gennady"]
[Result "0-1"]
[WhiteElo "2530"]
[BlackElo "2435"]
[EventDate "1989.05.??"]
[PlyCount "94"]

1.e4 c5 2.Nf3 e6 3.Nc3 Nc6 4.d4 cxd4 5.Nxd4 a6 6.Be3 Qc7 7.Bd3 Nf6 8.O-O 
Ne5 9.h3 Bc5 10.Qe2 d6 11.f4 Ng6 12.Nb3 Bxe3+ 13.Qxe3 b5 14.Rf2 O-O 15.a3 
Rb8 16.Bf1 Bd7 17.Rd1 a5 18.Qd4 b4 19.axb4 axb4 20.Na2 e5 21.Qxd6 Qa7 22.
Qa6 Qxa6 23.Bxa6 Nxf4 24.Rxf4 exf4 25.e5 Bf5 26.Nd4 Bxc2 27.Nxc2 b3 28.
exf6 bxc2 29.Re1 Ra8 30.Nb4 Rfb8 31.Nc6 Rxb2 32.Bd3 Rb1 33.Rxb1 cxb1=Q+ 
34.Bxb1 Ra1 35.Kf2 Rxb1 36.Ne7+ Kf8 37.fxg7+ Kxg7 38.Nd5 Kg6 39.Nxf4+ Kf5 
40.Nh5 Rb2+ 41.Kf3 Rb3+ 42.Kf2 Ke5 43.g3 Ke4 44.Nf6+ Kf5 45.Nh5 Kg5 46.Nf4
h5 47.Ng2 Kf5 0-1

[Event "2nd GMA World Cup prel  #2"]
[Site "Moscow URS"]
[Date "1989.??.??"]
[Round "6"]
[White "Campora, Daniel Hugo"]
[Black "Kuzmin, Alexei"]
[Result "1-0"]
[WhiteElo "2500"]
[BlackElo "2465"]
[EventDate "1989.05.??"]
[PlyCount "71"]

1.e4 e5 2.Nf3 Nc6 3.Bb5 a6 4.Ba4 Nf6 5.O-O Be7 6.Re1 b5 7.Bb3 d6 8.c3 O-O 
9.h3 Bb7 10.d4 Re8 11.a3 Na5 12.Bc2 Nc4 13.b3 Nb6 14.Nbd2 Bf8 15.d5 c6 16.
c4 bxc4 17.bxc4 a5 18.Bd3 Nfd7 19.Bf1 g6 20.Nb1 cxd5 21.cxd5 f5 22.Ng5 
fxe4 23.Nc3 Nf6 24.Rb1 Rc8 25.Ngxe4 Nxe4 26.Nxe4 Ba8 27.Bb5 Re7 28.Bg5 
Nxd5 29.Ba6 Rcc7 30.Qb3 Kg7 31.Rbd1 a4 32.Qa2 Qd7 33.Rxd5 Bxd5 34.Bf6+ Kg8
35.Qxd5+ Qe6 36.Bxe7 1-0

[Event "2nd GMA World Cup prel  #2"]
[Site "Moscow URS"]
[Date "1989.??.??"]
[Round "6"]
[White "Timoshenko, Georgy"]
[Black "Sveshnikov, Evgeny"]
[Result "1/2-1/2"]
[WhiteElo "2530"]
[BlackElo "2435"]
[EventDate "1989.05.??"]
[PlyCount "121"]

1.e4 c5 2.Nf3 Nc6 3.d4 cxd4 4.Nxd4 e5 5.Nb5 d6 6.N1c3 a6 7.Na3 b5 8.Nd5 
Be7 9.c4 b4 10.Nc2 a5 11.Be3 Rb8 12.Be2 Nf6 13.Qd3 Nd7 14.Nxe7 Kxe7 15.Rd1
Qc7 16.Bg4 Rd8 17.Bxd7 Bxd7 18.c5 Bg4 19.f3 dxc5 20.Bxc5+ Ke8 21.Bd6 Qb6 
22.fxg4 Rxd6 23.Qxd6 Rd8 24.Qd5 Rxd5 25.exd5 b3 26.axb3 Nb4 27.Rd2 Qg6 28.
Nxb4 Qe4+ 29.Kf2 Qf4+ 30.Ke2 Qxg4+ 31.Kd3 axb4 32.Kc2 Qe4+ 33.Kc1 Qe3 34.
Kc2 e4 35.d6 Kd7 36.Rhd1 Qc5+ 37.Kb1 e3 38.Rc2 Qe5 39.Rc7+ Kd8 40.Rxf7 e2 
41.Rf8+ Kd7 42.Rf7+ Kc6 43.Rc7+ Kb6 44.Re1 Qxd6 45.Rc2 Qd1+ 46.Rc1 Qd2 47.
g4 g5 48.Ka2 Qd3 49.Rc4 Kb5 50.Rcc1 Qd2 51.Kb1 Qd3+ 52.Ka2 Qe4 53.Rc4 Qa8+
54.Kb1 Qf3 55.Rc2 Qxb3 56.Rcxe2 Qd3+ 57.Ka1 Qf3 58.Re5+ Ka4 59.Ka2 Qb3+ 
60.Ka1 h6 61.R5e3 1/2-1/2

[Event "2nd GMA World Cup prel  #2"]
[Site "Moscow URS"]
[Date "1989.??.??"]
[Round "6"]
[White "Dizdarevic, Emir"]
[Black "Fauland, Alexander"]
[Result "1-0"]
[WhiteElo "2510"]
[BlackElo "2450"]
[EventDate "1989.05.??"]
[PlyCount "60"]

1.Nf3 Nf6 2.c4 e6 3.g3 a6 4.b3 b5 5.Nc3 b4 6.Na4 d6 7.Bg2 Bb7 8.O-O Nbd7 
9.a3 bxa3 10.Rxa3 Be7 11.Qc2 O-O 12.d3 c5 13.Bd2 Nb8 14.b4 cxb4 15.Bxb4 
Nc6 16.Bc3 Rb8 17.Rb3 Ba8 18.Rfb1 Nd7 19.Rxb8 Ncxb8 20.Qb2 Bc6 21.Ra1 Bf6 
22.Bxf6 Nxf6 23.Nd4 Bxg2 24.Kxg2 Qc7 25.Qb6 Rc8 26.Rb1 Nfd7 27.Qb7 g6 28.
Rb3 Kg7 29.f4 Qd8 30.Rb1 Rc7 1-0

[Event "2nd GMA World Cup prel  #2"]
[Site "Moscow URS"]
[Date "1989.??.??"]
[Round "6"]
[White "Shirov, Alexei"]
[Black "Gligoric, Svetozar"]
[Result "1-0"]
[WhiteElo "2450"]
[BlackElo "2505"]
[EventDate "1989.05.??"]
[PlyCount "87"]

1.d4 Nf6 2.c4 c5 3.d5 g6 4.Nc3 Bg7 5.e4 d6 6.Be2 O-O 7.Bg5 a6 8.a4 e6 9.
Qd2 Qa5 10.Nf3 b5 11.cxb5 axb5 12.Bxf6 Bxf6 13.Nxb5 exd5 14.exd5 Bg4 15.
Nxd6 Bxb2 16.Qxa5 Rxa5 17.Ra2 Bc3+ 18.Kd1 Bg7 19.Nd2 Bd7 20.Bb5 Ra7 21.
N2c4 Rd8 22.Kc2 Na6 23.Kb3 Rb8 24.Rd2 Nc7 25.Rb1 Bh6 26.Rdd1 Bf4 27.Kc3 
Nxb5+ 28.axb5 Bh6 29.b6 Bg7+ 30.Kd3 Ra6 31.Re1 Kf8 32.Rb3 Bd4 33.f3 h5 34.
Reb1 Ke7 35.Ne4 f5 36.Nc3 f4 37.Ra3 Rxa3 38.Nxa3 Kd8 39.Kc4 Bf5 40.Ne4 Kd7
41.Rb3 Be5 42.Nxc5+ Ke7 43.b7 Rd8 44.Na6 1-0

[Event "2nd GMA World Cup prel  #2"]
[Site "Moscow URS"]
[Date "1989.??.??"]
[Round "6"]
[White "Yurtaev, Leonid"]
[Black "Klaric, Zlatko"]
[Result "1-0"]
[WhiteElo "2510"]
[BlackElo "2445"]
[EventDate "1989.05.??"]
[PlyCount "93"]

1.e4 e5 2.Nf3 Nc6 3.Bb5 Nd4 4.Nxd4 exd4 5.O-O Bc5 6.e5 c6 7.Bc4 d5 8.exd6 
Bxd6 9.d3 Ne7 10.Nd2 O-O 11.Ne4 Nd5 12.Re1 Bf5 13.Qf3 Bg6 14.Nxd6 Qxd6 15.
Bd2 Rae8 16.h3 h5 17.Re2 Rxe2 18.Qxe2 f6 19.Re1 Re8 20.Qd1 Rxe1+ 21.Qxe1 
Bf7 22.Qe4 Qe5 23.f4 Qxe4 24.dxe4 Ne7 25.Bd3 c5 26.b3 a6 27.c3 dxc3 28.
Bxc3 Nc6 29.Kf2 Kf8 30.Kg3 Ke7 31.Kf3 b5 32.Ke3 b4 33.Bb2 a5 34.Bb5 Na7 
35.Be2 Nc8 36.Bb5 Nb6 37.Kd3 Kd6 38.e5+ Ke7 39.g4 hxg4 40.hxg4 Be6 41.f5 
Bd5 42.g5 fxg5 43.Bc1 Bg2 44.Bxg5+ Kf8 45.Kd2 Nd5 46.Bc6 Be4 47.e6 1-0

[Event "2nd GMA World Cup prel  #2"]
[Site "Moscow URS"]
[Date "1989.??.??"]
[Round "6"]
[White "Savon, Vladimir"]
[Black "Malaniuk, Vladimir"]
[Result "0-1"]
[WhiteElo "2425"]
[BlackElo "2520"]
[EventDate "1989.05.??"]
[PlyCount "78"]

1.d4 f5 2.Nf3 Nf6 3.g3 g6 4.Bg2 Bg7 5.O-O O-O 6.c4 d6 7.Nc3 Qe8 8.b3 h6 9.
Nd5 Nxd5 10.cxd5 Qf7 11.Ne1 Nd7 12.Nd3 g5 13.Qc2 Bxd4 14.Rb1 Nb6 15.h4 Bf6
16.hxg5 hxg5 17.Nb4 a5 18.Qxc7 axb4 19.Qxb6 Rxa2 20.Qxb4 Rxe2 21.Bd2 Qh5 
22.Rbe1 Rxe1 23.Rxe1 Kf7 24.Bc3 Qg4 25.Qa5 Bxc3 26.Qxc3 f4 27.Qc7 Re8 28.
Qc3 Bf5 29.Bf3 Qh3 30.Bg2 Qh5 31.Qf3 Qxf3 32.Bxf3 Rc8 33.gxf4 gxf4 34.Be4 
Bd7 35.Re2 Rc3 36.Bc2 Bb5 37.Rd2 Kf6 38.Kg2 Be2 39.b4 Bf3+ 0-1

[Event "2nd GMA World Cup prel  #2"]
[Site "Moscow URS"]
[Date "1989.??.??"]
[Round "6"]
[White "Piskov, Yury"]
[Black "Krasenkov, Mikhail"]
[Result "1-0"]
[WhiteElo "2400"]
[BlackElo "2525"]
[EventDate "1989.05.??"]
[PlyCount "85"]

1.d4 Nf6 2.c4 g6 3.Nc3 d5 4.cxd5 Nxd5 5.e4 Nxc3 6.bxc3 Bg7 7.Bc4 c5 8.Ne2 
Nc6 9.Be3 cxd4 10.cxd4 b5 11.Bd5 Bd7 12.Rc1 Rc8 13.O-O Na5 14.Rxc8 Qxc8 
15.Qd2 Qd8 16.Bg5 h6 17.Be3 e6 18.Bb3 Bc6 19.d5 exd5 20.Bc5 Nxb3 21.axb3 
dxe4 22.Qc1 Qc8 23.Rd1 f5 24.Qa3 Kf7 25.Qxa7+ Bb7 26.b4 Be5 27.Bd4 Rd8 28.
h4 Rd7 29.h5 Qc2 30.hxg6+ Kxg6 31.Ra1 Qc7 32.Bxe5 Qxe5 33.Rc1 f4 34.Qb6+ 
Kg7 35.Rc5 Bd5 36.Qxb5 Qd6 37.Nxf4 Bf7 38.g3 Qd1+ 39.Qf1 Qb3 40.Qa1+ Kh7 
41.Qf6 Qd1+ 42.Kh2 Qd4 43.Nd5 1-0

[Event "2nd GMA World Cup prel  #2"]
[Site "Moscow URS"]
[Date "1989.??.??"]
[Round "6"]
[White "Gurevich, Dmitry"]
[Black "Tseitlin, Mark"]
[Result "1-0"]
[WhiteElo "2480"]
[BlackElo "2430"]
[EventDate "1989.05.??"]
[PlyCount "81"]

1.Nf3 Nf6 2.c4 g6 3.Nc3 Bg7 4.e4 d6 5.d4 O-O 6.Be2 e5 7.O-O Qe8 8.dxe5 
dxe5 9.Be3 Na6 10.Nd2 c6 11.a3 h5 12.f3 h4 13.c5 Nh5 14.Nc4 Nf4 15.g3 Ne6 
16.Nd6 Qe7 17.Bxa6 bxa6 18.Qa4 Nd4 19.f4 hxg3 20.hxg3 Bh3 21.Rf2 Qd7 22.
Kh2 Bg4 23.Raf1 Rab8 24.f5 Kh7 25.Kg2 Rh8 26.Bxd4 exd4 27.Nd5 gxf5 28.exf5
Kg8 29.Re1 Rh6 30.Ne7+ Kh7 31.Nxf7 Rh5 32.Nd6 Bf6 33.Qxc6 Qxc6+ 34.Nxc6 
Rb3 35.Ne4 Bh8 36.f6 Bh3+ 37.Kg1 Bf5 38.Rxf5 Rxf5 39.Nxd4 Rbf3 40.Nxf3 
Rxf3 41.Ng5+ 1-0

[Event "2nd GMA World Cup prel  #2"]
[Site "Moscow URS"]
[Date "1989.??.??"]
[Round "6"]
[White "Szekely, Peter"]
[Black "Marjanovic, Slavoljub"]
[Result "1/2-1/2"]
[WhiteElo "2420"]
[BlackElo "2490"]
[EventDate "1989.05.??"]
[PlyCount "27"]

1.Nf3 c5 2.c4 Nc6 3.d4 cxd4 4.Nxd4 g6 5.e4 Bg7 6.Be3 Nf6 7.Nc3 Ng4 8.Qxg4 
Nxd4 9.Qd1 Ne6 10.Rc1 Qa5 11.Qd2 b6 12.Qd5 Qxd5 13.cxd5 Nc5 14.f3 1/2-1/2

[Event "2nd GMA World Cup prel  #2"]
[Site "Moscow URS"]
[Date "1989.??.??"]
[Round "6"]
[White "Westerinen, Heikki"]
[Black "Farago, Ivan"]
[Result "1/2-1/2"]
[WhiteElo "2400"]
[BlackElo "2495"]
[EventDate "1989.05.??"]
[PlyCount "80"]

1.e4 e6 2.d4 d5 3.Nc3 Bb4 4.Ne2 dxe4 5.a3 Bxc3+ 6.Nxc3 Nc6 7.Be3 Nf6 8.Qd2
h6 9.O-O-O Ne7 10.Bf4 Ng6 11.Bg3 Bd7 12.d5 O-O 13.dxe6 Bxe6 14.Qxd8 Raxd8 
15.Rxd8 Rxd8 16.Bxc7 Rc8 17.Bg3 h5 18.h3 h4 19.Bh2 a6 20.Be2 Bc4 21.Re1 
Bxe2 22.Rxe2 Re8 23.a4 Re6 24.a5 Kf8 25.b4 Ke8 26.Kb2 Ne7 27.Bf4 Nfd5 28.
Nxd5 Nxd5 29.Bd2 f6 30.c4 Ne7 31.Kc3 Kd7 32.Bf4 g5 33.Bh2 f5 34.Bb8 Nc6 
35.Rd2+ Ke7 36.Bc7 e3 37.fxe3 Rxe3+ 38.Kb2 Ne5 39.Bxe5 Rxe5 40.Kc3 g4 
1/2-1/2

[Event "2nd GMA World Cup prel  #2"]
[Site "Moscow URS"]
[Date "1989.??.??"]
[Round "6"]
[White "Spiridonov, Nikola"]
[Black "Lein, Anatoly"]
[Result "1/2-1/2"]
[WhiteElo "2390"]
[BlackElo "2485"]
[EventDate "1989.05.??"]
[PlyCount "44"]

1.c4 e6 2.g3 d5 3.Nf3 Nf6 4.Bg2 dxc4 5.Qa4+ Nbd7 6.Qxc4 c5 7.O-O a6 8.b3 
Be7 9.Qc2 O-O 10.Bb2 Nd5 11.Nc3 Nb4 12.Qb1 Nc6 13.Rd1 Nd4 14.d3 Rb8 15.e3 
Nxf3+ 16.Bxf3 b5 17.Qc2 Qb6 18.Ne4 f5 19.Nd2 e5 20.Bg2 Bb7 21.Nf3 Qe6 22.
Rac1 h6 1/2-1/2

[Event "2nd GMA World Cup prel  #2"]
[Site "Moscow URS"]
[Date "1989.??.??"]
[Round "6"]
[White "Klinger, Josef"]
[Black "Zaitsev, Igor"]
[Result "1-0"]
[WhiteElo "2475"]
[BlackElo "2390"]
[EventDate "1989.05.??"]
[PlyCount "101"]

1.Nf3 Nf6 2.c4 e6 3.g3 d5 4.d4 Be7 5.Bg2 O-O 6.O-O dxc4 7.Qc2 a6 8.Qxc4 b5
9.Qc2 Bb7 10.Bd2 Nbd7 11.Ba5 Ra7 12.Nbd2 Qa8 13.b4 Nb8 14.a3 Nc6 15.Nb3 
Nxa5 16.Nxa5 Be4 17.Qb3 c6 18.Qe3 Bd8 19.Nb3 a5 20.bxa5 Bxa5 21.Nc5 Bd5 
22.Ne5 Bb4 23.Bxd5 cxd5 24.Rab1 Rxa3 25.Qf4 Bxc5 26.dxc5 Ra4 27.Qc1 Qb8 
28.Qb2 Qc7 29.Rfc1 Rb8 30.c6 Re4 31.Nd3 Rc4 32.Nb4 Rc8 33.Ra1 h5 34.Rxc4 
bxc4 35.Qd4 Qd6 36.Qb6 Rb8 37.Qa5 Ne8 38.Na6 Rc8 39.Nb4 Rb8 40.Na6 Rc8 41.
Nb4 Kf8 42.e4 Rb8 43.Ra4 c3 44.e5 Qxe5 45.Nd3 Qe2 46.Rb4 Rc8 47.Qc5+ Kg8 
48.Qxc3 Nd6 49.c7 Ne4 50.Rb8 Nd6 51.Qa3 1-0

[Event "2nd GMA World Cup prel  #2"]
[Site "Moscow URS"]
[Date "1989.??.??"]
[Round "6"]
[White "Minasian, Artashes"]
[Black "Miles, Anthony John"]
[Result "1-0"]
[WhiteElo "2345"]
[BlackElo "2520"]
[EventDate "1989.05.??"]
[PlyCount "61"]

1.e4 c6 2.d4 d5 3.e5 Bf5 4.Nc3 e6 5.g4 Bg6 6.Nge2 Be7 7.Be3 Nd7 8.Qd2 h5 
9.Nf4 hxg4 10.Nxg6 fxg6 11.Bd3 Nf8 12.O-O-O Rh4 13.Ne2 Nh6 14.c4 Nf5 15.
Nf4 Kf7 16.Kb1 Nd7 17.cxd5 cxd5 18.Ng2 Rh8 19.Qe2 Nh6 20.h3 gxh3 21.Bxg6+ 
Kxg6 22.Nf4+ Kf7 23.Qh5+ Kg8 24.Nxe6 Qe8 25.Rdg1 Bf8 26.Qxh3 Nf7 27.Qf5 
Rc8 28.Rxh8+ Nxh8 29.Nxg7 Bxg7 30.Bh6 Rc1+ 31.Kxc1 1-0

[Event "2nd GMA World Cup prel  #2"]
[Site "Moscow URS"]
[Date "1989.??.??"]
[Round "6"]
[White "Kochiev, Alexander"]
[Black "Spasov, Luben"]
[Result "1/2-1/2"]
[WhiteElo "2475"]
[BlackElo "2375"]
[EventDate "1989.05.??"]
[PlyCount "67"]

1.d4 Nf6 2.Nf3 e6 3.g3 b5 4.Bg2 Bb7 5.Bg5 c5 6.c3 cxd4 7.Bxf6 Qxf6 8.cxd4 
Bb4+ 9.Nc3 O-O 10.O-O a6 11.a4 bxa4 12.Nxa4 d6 13.Rc1 Qe7 14.Qd3 g6 15.d5 
exd5 16.Nh4 a5 17.Bxd5 Bxd5 18.Qxd5 Nd7 19.e3 Rac8 20.Nf3 Qe6 21.Qxe6 fxe6
22.Ng5 e5 23.Ne6 Rxc1 24.Rxc1 Re8 25.Ng5 h6 26.Ne4 Kf7 27.Rc7 Re7 28.Kf1 
Nf6 29.Rxe7+ Kxe7 30.Nxf6 Kxf6 31.e4 d5 32.exd5 e4 33.Ke2 Ke5 34.Nb6 
1/2-1/2